000
00316nam a2200133Ia 4500
005
20260328101522.0
008
260328s9999||||xx |||||||||||||| ||und||
100
_a
Crawshaw, Alwyn
245
0
_a
Sketching (30 minute ART) /
_c
Alwyn Crawshaw
260
_b
Collins
300
_a
96 p.
650
_a
DIBUJO
942
_c
BK
999
_c
9624
_d
9624